Social housing proved welcome refuge from the crunch in June (Record no. 80496)
[ view plain ]
| 000 -LEADER | |
|---|---|
| fixed length control field | 00772cab a22001935a 4500 |
| 001 - CONTROL NUMBER | |
| control field | L144498 |
| 008 - FIXED-LENGTH DATA ELEMENTS--GENERAL INFORMATION | |
| fixed length control field | 080723e20080718xxkd f s 000 0 eng d |
| 035 ## - SYSTEM CONTROL NUMBER | |
| System control number | (Sirsi) u144498 |
| 041 0# - LANGUAGE CODE | |
| Language code of text/sound track or separate title | eng |
| 100 1# - MAIN ENTRY--PERSONAL NAME | |
| Personal name | Glackin, Michael |
| 245 00 - TITLE STATEMENT | |
| Title | Social housing proved welcome refuge from the crunch in June |
| 260 ## - PUBLICATION, DISTRIBUTION, ETC. | |
| Date of publication, distribution, etc. | 2008 |
| 490 #0 - SERIES STATEMENT | |
| Series statement | Building |
| Volume/sequential designation | 273(8538) 18 July 2008, 20-21(2) |
| 520 ## - SUMMARY, ETC. | |
| Summary, etc. | Presents business barometer data on contracts with a value of £100,000 or above, and work awarded by negotiation or competitive tender. Reports that Laing O'Rourke has climbed to the top position of the table, followed by two affordable housing firms. Tables. |
| 590 ## - LOCAL NOTE (RLIN) | |
| Local note | KA |
| 651 #4 - SUBJECT ADDED ENTRY--GEOGRAPHIC NAME | |
| Geographic name | United Kingdom |
| Chronological subdivision | |
| 690 ## - LOCAL SUBJECT ADDED ENTRY--TOPICAL TERM (OCLC, RLIN) | |
| Topical term or geographic name as entry element | BUILT ENVIRONMENT-CONSTRUCTION MARKET |
| 942 ## - ADDED ENTRY ELEMENTS (KOHA) | |
| Suppress in OPAC | 0 |
| Withdrawn status | Lost status | Source of classification or shelving scheme | Damaged status | Not for loan | Home library | Current library | Shelving location | Date acquired | Total Checkouts | Full call number | Barcode | Date last seen | Copy number | Price effective from | Koha item type |
|---|---|---|---|---|---|---|---|---|---|---|---|---|---|---|---|
| Dewey Decimal Classification | London | London | Journal article | 23/07/2008 | L144498 | 144498-1001 | 06/08/2019 | 1 | 06/08/2019 | Journal article |